Statistics for 漢字の部首名

Click here to take the quiz!

General Stats

  • This quiz has been taken 43 times
  • The average score is 84 of 214

Answer Stats

画数常用漢字部首% Correct
25
100%
121黃・⻩
100%
486
100%
41
97%
116
94%
39
94%
81
94%
22
94%
438
94%
35
94%
519
94%
426火・⺣
94%
91
92%
13丿
92%
4113水・氵・⺢
92%
28八・ハ
89%
73
89%
749辵・⻍・⻌
89%
152齒・⻭
89%
62
89%
2100人・亻・𠆢
86%
495手・扌
86%
54
86%
646艸・⻀・艹
83%
831阜・⻖
83%
41
81%
65
81%
120
81%
32夂・夊
81%
317广
78%
644肉・⺼
78%
663
78%
476心・忄・⺗
78%
46戶・戸
78%
336
78%
43
78%
21
78%
350
78%
370
78%
48
75%
523
75%
316
75%
71
75%
833金・釒
72%
24
72%
41无・⺛
69%
27
69%
66
69%
712邑・⻖
69%
35
69%
621衣・⻂
67%
519
67%
24
64%
50
64%
811
64%
515示・礻
64%
25
64%
211
64%
312
64%
22
64%
114
61%
113
61%
516
61%
319
58%
74
58%
110
56%
768言・訁
53%
232刀・刂
53%
318
53%
16乙・乚
53%
813雨・⻗
53%
515
53%
417犬・犭
50%
515玉・王・⺩
50%
922
50%
210
50%
223
50%
625竹・⺮
47%
161龍・竜
47%
1011
47%
711足・⻊
47%
336
47%
34小・⺌
47%
39川・巛
47%
92
47%
416⺙・攴
47%
45
44%
55
44%
312
44%
46牛・牜
44%
610
44%
735
44%
89
42%
72
42%
610
42%
14
42%
715
42%
67
42%
65
42%
55
39%
63
39%
112鹿
39%
76
36%
141
36%
42
36%
82靑・青
36%
311
36%
912食・⻞・⻟
33%
35
33%
52
33%
315
33%
510
33%
72
33%
40
33%
33
33%
64襾・⻄・⻃
31%
93
31%
91
31%
66羽・羽
28%
58
28%
21
28%
48
28%
42爪・⺤・⺥
28%
43毋・母
25%
12
25%
31
25%
101
25%
34
25%
51
22%
72
22%
210
22%
122黑・黒
22%
47
22%
46
22%
317
19%
81
19%
81
19%
112麥・麦
19%
111
19%
23
19%
161龜・⻲
19%
73
19%
52
17%
67网・⺫
17%
73
17%
71
14%
35
14%
32
14%
91
14%
41
14%
65
14%
62
14%
61
14%
104
14%
61
14%
142齊・⻫
14%
714
14%
91
11%
34
11%
46
11%
31
11%
24
11%
14
11%
42
11%
170
11%
41
11%
68
11%
77
11%
22
8%
46
8%
48
8%
50
8%
42
8%
52
8%
23
8%
100
6%
72
6%
24
6%
51
6%
35
6%
130
6%
62
6%
63老・耂
6%
101
6%
61
6%
52
6%
41
6%
91
6%
62
3%
130
3%
131
3%
27卩・㔾
3%
62
3%
101
3%
103
3%
100
3%
130
0%
45歹・歺
0%
61
0%
51
0%
61
0%
31
0%
31彐・彑・⺕
0%
90
0%
91
0%
52疋・𤴔
0%
120
0%
33
0%
52
0%
62
0%
41
0%
23
0%
40
0%
71
0%

Score Distribution

Percentile by Number Answered

Percent of People with Each Score

Your Score History

You have not taken this quiz